[Event "Tata Steel-A 81st"]
[Site "Wijk aan Zee"]
[Date "2019.01.16"]
[Round "5"]
[White "Van Foreest, Jorden"]
[Black "Carlsen, Magnus"]
[Result "0-1"]
[WhiteElo "2612"]
[BlackElo "2835"]
[Annotator "Howell,David"]
[PlyCount "66"]
[EventDate "2019.01.12"]
[EventType "tourn"]
[EventRounds "13"]
[EventCountry "NED"]
[EventCategory "21"]
[SourceTitle "CBM 188"]
[Source "ChessBase"]
[SourceDate "2018.12.21"]
[SourceVersion "1"]
[SourceVersionDate "2018.12.21"]
[SourceQuality "1"]

1. e4 {Edouard,Romain Fernandez,Daniel Howard} c5 2. Nf3 Nc6 {Carlsen sticks to his repertoire from the recent World Championship match.} 3. d4 cxd4 4. Nxd4 Nf6 5. Nc3 e5 6. Ndb5 d6 7. Nd5 {The first surprise of the game. Van Foreest is a very principled player who often favours direct openings, especially with White. However it seems excessively brave to take on Carlsen in this line. While Van Foreest might have spent several hours preparing this position, it is likely that Carlsen and his team (assisted by powerful engines) had spent many weeks analysing the following labyrinthine varitions for the World Championship. In hindsight it would have been wiser to choose something which would have been less fresh in Carlsen's memory.} (7. Bg5 {is the main line of the Sveshnikov Sicilian. Play could then continue:} a6 8. Na3 b5 9. Nd5 (9. Bxf6 gxf6 10. Nd5 {leads to many long complex variations with chances for both sides.}) 9... Be7 10. Bxf6 Bxf6 11. c4 ({or} 11. c3) 11... b4 12. Nc2 {with a strategic battle ahead.}) 7... Nxd5 8. exd5 Ne7 {This was played twice by Carlsen in his recent match against Caruana.} (8... Nb8 {also featured in two games from the World Championship match.}) ({RR} 8... Nb8 9. a4 Be7 10. Be2 O-O 11. O-O Nd7 12. b4 a6 13. Na3 a5 14. bxa5 Rxa5 15. Nc4 Ra8 16. Be3 f5 17. a5 f4) 9. c4 Ng6 10. Qa4 Bd7 11. Qb4 Qb8 {Carlsen shows his ambitious intentions.} (11... Bf5 {featured in Game 12 of the World Championship, but it allows a repetition of moves:} 12. Qa4 Bd7 13. Qb4 Bf5 14. Qa4 (14. h4 {was Caruana's choice in the aforementioned game and was also played by Kramnik at the 2018 Olympiad.})) ({RR} 11... Bf5 12. h4 h5 13. Qa4 Bd7 14. Qb4 Bf5 15. Be3 a6 16. Nc3 Qc7 17. g3 Be7 18. f3 Nf8) 12. h4 h5 {With the inclusion of the h-pawn moves it appears that neither king will find a safe haven on this side of the board.} 13. Be3 ({RR} 13. Bd3) 13... a6 ({RR} 13... b6 14. Be2 Be7 15. g3 a6 16. Nc3) 14. Nc3 f5 $5 {Not quite a novelty, but Carlsen displays his opening expertise by unleashing a rare idea.} (14... a5 {was Carlsen's choice in one of the decisive tie-break games against Caruana:} 15. Qb3 ({RR} 15. Qa3 f5 16. g3 Be7 17. Be2 Kf7 18. Na4) 15... a4 16. Qd1 Be7 ({RR} 16... Ne7) 17. g3 Qc8 18. Be2 Bg4 19. Rc1 Bxe2 20. Qxe2 Qf5 {and despite Carlsen's victory, White holds the upper hand.} ({RR} 20... O-O 21. b3 ({RR} 21. O-O Qh3 22. Qxh5 Nxh4 23. gxh4 Bxh4) 21... axb3 22. axb3 Qf5) 21. c5 (21. O-O $14 {would have left White with a long-term edge due to his structural superiority on the queenside.}) ({RR} 21. O-O O-O 22. Kg2 Rfc8 23. f3 Nf8 24. f4) 21... O-O $1 22. c6 bxc6 23. dxc6 Rfc8 24. Qc4 Bd8 25. Nd5 ({RR} 25. Ne4 Bc7 26. O-O) 25... e4 $2 26. c7 ({RR} 26. Bd4 Ba5+ 27. Bc3 Bxc3+ 28. Rxc3 Ra5) 26... Bxc7 $1 27. Nxc7 Ne5 28. Nd5 $2 ({RR} 28. Qd5 Rab8 29. O-O Rxc7) 28... Kh7 $1 {0-1, Caruana-Carlsen, London 2018.} ({RR} 28... Nxc4 29. Ne7+ Kh7 30. Nxf5 Nxe3 31. Rxc8 Rxc8 32. Nxe3 Rc1+ 33. Nd1) {RR} 29. Ne7 Qf3) ({RR} 14... a5 15. Qb3 a4 16. Qd1 Be7 17. g3 Qc8 18. Be2 Bg4 19. Rc1 Bxe2 20. Qxe2 Qf5 21. c5 O-O 22. c6 bxc6 23. dxc6 Rfc8 24. Qc4 Bd8 25. Nd5 e4 26. c7 Bxc7 27. Nxc7 Ne5 28. Nd5 Kh7 {0-1 (28) Caruana,F (2832)-Carlsen,M (2835) London 2018 CBM 187 [Fernandez,Daniel Howard]}) ({RR} 14... Be7 15. g3 ({RR} 15. Na4) 15... O-O 16. Be2 b5 ({RR} 16... Bg4 17. Bxg4 hxg4 18. h5) 17. cxb5 axb5 18. Bxh5 Bd8 19. O-O ({RR} 19. Bxg6 fxg6) 19... Ne7 20. Bg5 Ba5 21. Qb3 Nf5 22. Ne2 Bb6 ({RR} 22... f6 23. Bc1 Rc8 24. Bg6 Qb7 25. Qf3 Ne7) 23. Rac1 Ra4 24. Rc6 Bxc6 25. dxc6 Rc4 26. a4 ({RR} 26. Bf3 e4 27. Bg4 Nd4 28. Nxd4 Bxd4 29. Bd7 d5 30. Be7 Re8) 26... Nd4 ({RR} 26... d5 27. axb5 Rc5) 27. Nxd4 Bxd4 28. axb5 d5 29. Rc1 {Karjakin,S (2758)-Carlsen,M (2855) Stavanger 2021 CBM 204 [Edouard,Romain] 1-0 (54)}) ({RR} 14... a5) 15. O-O-O $146 {A natural choice, if somewhat risky.} (15. g3 {looks like a safe option}) ({while} 15. Be2 {is also playable.}) (15. Na4 $5 {was mentioned by Van Foreest after the game, and indeed this move would have led to interesting positions which would have suited his style:} f4 $1 16. Bd3 Nxh4 $1 {(apparently this was suggested by Carlsen in the post mortem. Further proof of the depth of his preparation)} 17. Rxh4 fxe3 18. Bg6+ Kd8 {with a very double-edged position. As usual, the engine eventually assesses this as 0.00 but neither king is safe and fireworks are likely to ensue.}) ({RR} 15. Na4 Qc7 16. Bb6 Qc8 17. Ba5 Bxa4 18. Qxa4+ Qd7 19. Qxd7+ Kxd7 20. g3 Be7 21. Bc3 Bf6 22. Kd2 Raf8 23. Bh3 Ne7 24. a4 e4 25. Bxf6 Rxf6 26. Rhe1 Kd8 27. b4 Ng6 28. Bf1 Ne5 29. Kc3 Nf3 {Mora Munoz,A (2135)-Hernandez,E (1973) Medellin COL 2025 ½-½ (66)}) ({RR} 15. Na4 f4 16. Bd3 Nxh4 17. Rxh4 fxe3 18. Nb6) ({RR} 15. g3 Be7 16. Be2 Kf7 17. Na4 f4) ({RR} 15. a4 Be7 16. a5 O-O 17. O-O-O Nxh4 18. Na4 f4 19. Nb6 Bg4 20. f3 Nxf3 21. gxf3 Bxf3 22. Bh3 fxe3 23. Be6+ Kh7 24. Rdg1 Bxh1 25. Rxh1 e2 26. Kd2 Rf1 27. Rxh5+ Kg6 28. Kxe2 Qf8 29. Rf5 Rxf5 {Paramzina,A (2224)-De Abreu,R (2154) Caleta 2020 0-1 (43)}) 15... Be7 16. g3 O-O $5 {An interesting pawn sacrifice, most likely still part of Carlsen's preparation.} (16... e4 {would have been my first thought. Black intends to land the knight on e5 as quickly as possible.}) ({Meanwhile the immediate} 16... b5 $5 {is also worthy of consideration.}) 17. Be2 {Now the h5-pawn is indefensible.} e4 18. Bd4 $6 {A step in the wrong direction.} ({Snatching the pawn with} 18. Bxh5 {was of course critical:} Ne5 19. Be2 b5 20. cxb5 axb5 $44 {it is clear that Black has compensation here. There is a simple plan of ...Rf8-c8 and ...Be7-d8-a5 while the white king is a target. However, the b5-pawn will soon fall and if an attack fails then White should convert his extra pawn.} 21. Bg5 $1 {looks like White's most accurate move to nullify the black initiative.}) ({If White was too afraid to capture on h5, then} 18. f4 {was another option:} exf3 19. Bxf3 Ne5 20. Be2 b5 21. cxb5 axb5 22. Bd4 $132 {and, compared to the game, Black's e5-knight lacks stability.}) 18... Bf6 19. Bxf6 Rxf6 20. Qb6 $2 {Van Foreest's plan is understandable; he wishes to prevent Black from opening the queenside. Unfortunately queens are known to be poor blockaders, and this short-term measure soon fails.} (20. Bxh5 {was now essential. Play could continue:} Ne5 21. Be2 b5 22. cxb5 Bxb5 $1 {(forcing the exchange of White's strong knight)} 23. Nxb5 axb5 24. a3 (24. Kb1 $6 Qa7 $15) 24... Rf8 25. Bxb5 Qc7+ 26. Kb1 Rfb8 $44 {with yet another position that is difficult to evaluate. Objectively chances are still equal, although in practical terms it feels easier to play Black.}) 20... Ne5 21. Kb1 Be8 $1 $15 {Black re-routes the bishop and intends to kick the white queen away from b6.} 22. Rd2 Nd7 23. Qd4 Qc7 24. Nd1 {The start of a poor manoeuvre, but it is not easy to offer any constructive alternatives. White's position is strategically dubious - it lacks purpose, while Black can slowly prepare the b7-b5 or f5-f4 pawn breaks.} Ne5 {Black's knight is incredibly powerful here. It simply cannot be challenged.} 25. Ne3 f4 $1 {Simple and strong.} 26. gxf4 Rxf4 27. Rg1 (27. Ng2 {does not help:} Rf8 28. Qe3 Qf7 29. Rf1 (29. Qxe4 Qxf2 $19) 29... Rc8 $17 {and Black holds an obvious advantage.}) 27... Bg6 28. Ka1 ({It is a sad situation when the engine suggests jettisoning material with moves such as} 28. Rxg6 {although Black's conversion task is not so easy:} Nxg6 29. Ng2 Rf5 $17 30. Qxe4 Qf7 31. Bd3 {and the game continues.}) 28... Raf8 29. c5 {Desperation, but otherwise f2 falls without compensation.} Rxf2 {Black simply gobbles the pawn.} (29... dxc5 {is also sufficient:} 30. Qc3 Qd6 $17) 30. Qc3 (30. c6 $5 {would have been my final attempt at creating confusion.}) 30... Qxc5 31. Qxc5 dxc5 32. d6 Kh7 33. d7 Nf3 {Winning material. A brutal victory from Carlsen, who pounced upon his opponent's indecisiveness to score his first win of the tournament.} 0-1

[Event "Tata Steel-A 81st"]
[Site "Wijk aan Zee"]
[Date "2019.01.20"]
[Round "8"]
[White "Carlsen, Magnus"]
[Black "Rapport, Richard"]
[Result "1-0"]
[WhiteElo "2835"]
[BlackElo "2731"]
[PlyCount "79"]
[EventDate "2019.01.12"]
[EventType "tourn"]
[EventRounds "13"]
[EventCountry "NED"]
[EventCategory "21"]
[SourceTitle "CBM 188"]
[Source "ChessBase"]
[SourceDate "2018.12.21"]
[SourceVersion "1"]
[SourceVersionDate "2018.12.21"]
[SourceQuality "1"]

1. e4 c5 2. Nf3 e6 3. d4 cxd4 4. Nxd4 Nc6 5. Nc3 Qc7 6. g3 a6 7. Bg2 Nf6 8. O-O d6 9. Nxc6 bxc6 10. Na4 Rb8 11. c4 c5 12. b3 ({RR} 12. f4 Be7 13. Qe2 Nd7 14. b3 Bb7 15. Bb2 O-O 16. Rad1 Bc6 17. Nc3 Bf6 18. e5 Bxg2 19. Qxg2 dxe5 20. Ne4 Be7 21. Qd2 Rbd8 22. fxe5 Nxe5 23. Qf4 Rxd1 24. Rxd1 f6 25. Bxe5 fxe5 26. Qg4 Qc6 {Giri,A (2776)-Korobov,A (2670) Bucharest 2019 ½-½ (40)}) 12... Be7 13. Bb2 O-O 14. Qe1 $146 ({RR} 14. Qc2 Bb7 15. Rad1 Rfd8 16. h3 Nd7 17. Kh2 Bc6 18. Nc3 Qb7 19. Rfe1 Ne5 20. Ba1 Be8 21. Ne2 Qc7 22. Nf4 Nc6 23. Qe2 Bf8 24. h4 a5 25. Bh3 Qa7 26. Nd3 a4 27. Rb1 axb3 28. Rxb3 Qa4 {Gantar,J (2134)-Mazi,L (2375) Aschach 2010 0-1 (77)}) ({RR} 14. f4 Bb7 15. Re1 Rfd8 16. Qe2 Ne8 17. Rad1 Bf6 18. e5 Bxg2 19. Kxg2 Be7 20. Qf3 dxe5 21. fxe5 g6 22. Rf1 Bf8 23. Kf2 Ng7 24. g4 Qe7 25. Ke2 Rbc8 26. h3 Qc7 27. Bc3 Ne8 28. Rd3 Bg7 {Jepson,C (2377)-Pedersen,N (2223) Ballerup 2020 ½-½ (52)}) 14... Nd7 15. Rd1 Bb7 16. Qc3 Bf6 17. Qd2 Be7 18. Qc3 Bf6 19. Qd2 Be7 20. f4 e5 21. Bc3 Bc6 22. Ba5 Qb7 23. Nc3 exf4 24. gxf4 Rfe8 25. e5 Bxg2 26. Qxg2 dxe5 27. Nd5 e4 28. Bc3 f6 29. Kh1 Kh8 30. Rg1 Bf8 31. Ne3 Qc6 32. Rd5 Qe6 33. Rh5 Qf7 34. Qh3 g6 35. Rh4 Rb6 36. f5 Ne5 37. Nd5 Rd6 38. fxg6 Nxg6 39. Bxf6+ Rxf6 40. Rxh7+ 1-0

[Event "Tata Steel-A 81st"]
[Site "Wijk aan Zee"]
[Date "2019.01.25"]
[Round "11"]
[White "Radjabov, Teimour"]
[Black "Carlsen, Magnus"]
[Result "1/2-1/2"]
[WhiteElo "2757"]
[BlackElo "2835"]
[PlyCount "49"]
[EventDate "2019.01.12"]
[EventType "tourn"]
[EventRounds "13"]
[EventCountry "NED"]
[EventCategory "21"]
[SourceTitle "CBM 188"]
[Source "ChessBase"]
[SourceDate "2018.12.21"]
[SourceVersion "1"]
[SourceVersionDate "2018.12.21"]
[SourceQuality "1"]

1. e4 c5 2. Nf3 Nc6 3. d4 cxd4 4. Nxd4 Nf6 5. Nc3 e5 6. Ndb5 d6 7. Bg5 a6 8. Na3 b5 9. Nd5 Be7 10. Bxf6 Bxf6 11. c3 O-O 12. Nc2 Rb8 13. Be2 Bg5 14. O-O Kh8 15. a3 ({RR} 15. Bg4 Bb7 16. Ncb4 Nxb4 17. cxb4 g6 18. a4 bxa4 19. Rxa4 Bc6 20. Be2 Bxa4 21. Qxa4 f5 22. exf5 Rxf5 23. Bd3 Rf8 24. Qxa6 Bd2 25. Qc4 Qc8 26. Qe4 Bxb4 27. Nxb4 Rf4 28. Qc6 Rfxb4 29. Qxd6 Qf8 {Giri,A (2783)-Carlsen,M (2835) Wijk aan Zee 2019 ½-½}) 15... Ne7 $146 ({RR} 15... g6 16. Ncb4 Nxb4 17. axb4 f5 18. Bf3 Bb7 19. Qd3 Rc8 20. Rfd1 Qe8 21. Qe2 f4 22. Bg4 Rc6 23. Qf3 Bc8 24. Qh3 Bxg4 25. Qxg4 Bd8 26. h4 Qf7 27. Rd3 h5 28. Qh3 Rg8 29. b3 g5 30. hxg5 {Castellanos Rodriguez,R (2468)-Can,I (2500) Budapest HUN 2024 1-0 (52)}) ({RR} 15... g6 16. Ncb4 Nxb4 17. axb4 f5 18. Bf3 Bb7 19. Qd3 Rc8 20. Rfd1 Qe8 21. Qe2 f4 22. Bg4 Rc6 23. Qf3 Bc8 24. Qh3 Bxg4 25. Qxg4 Bd8 26. h4 Qf7 27. Rd3 h5 28. Qh3 Rg8 29. b3 g5 30. hxg5 {Castellanos Rodriguez,R (2468)-Can,I (2500) Budapest HUN 2024 1-0 (52)}) 16. Ncb4 Nxd5 17. Nxd5 Be6 18. Qd3 Qc8 19. Rad1 a5 20. Qg3 h6 21. h3 Qc6 22. Qd3 Qd7 23. Qg3 Qc6 24. Qd3 Qd7 25. Qg3 1/2-1/2

[Event "Tata Steel-A 81st"]
[Site "Wijk aan Zee"]
[Date "2019.01.27"]
[Round "13"]
[White "Giri, Anish"]
[Black "Carlsen, Magnus"]
[Result "1/2-1/2"]
[WhiteElo "2783"]
[BlackElo "2835"]
[PlyCount "59"]
[EventDate "2019.01.12"]
[EventType "tourn"]
[EventRounds "13"]
[EventCountry "NED"]
[EventCategory "21"]
[SourceTitle "CBM 188"]
[Source "ChessBase"]
[SourceDate "2018.12.21"]
[SourceVersion "1"]
[SourceVersionDate "2018.12.21"]
[SourceQuality "1"]

1. e4 c5 2. Nf3 Nc6 3. d4 cxd4 4. Nxd4 Nf6 5. Nc3 e5 6. Ndb5 d6 7. Bg5 a6 8. Na3 b5 9. Nd5 Be7 10. Bxf6 Bxf6 11. c3 Bg5 12. Nc2 Rb8 13. Be2 O-O 14. O-O Kh8 15. Bg4 ({RR} 15. a3 Ne7 16. Ncb4 Nxd5 17. Nxd5 Be6 18. Qd3 Qc8 19. Rad1 a5 20. Qg3 h6 21. h3 Qc6 22. Qd3 Qd7 23. Qg3 Qc6 24. Qd3 Qd7 25. Qg3 {½-½ (25) Radjabov,T (2757)-Carlsen,M (2835) Wijk aan Zee 2019}) ({RR} 15. a3 g6 16. Ncb4 Nxb4 17. axb4 f5 18. Bf3 Bb7 19. Qd3 Rc8 20. Rfd1 Qe8 21. Qe2 f4 22. Bg4 Rc6 23. Qf3 Bc8 24. Qh3 Bxg4 25. Qxg4 Bd8 26. h4 Qf7 27. Rd3 h5 28. Qh3 Rg8 29. b3 g5 {Castellanos Rodriguez,R (2468)-Can,I (2500) Budapest HUN 2024 1-0 (52)}) 15... Bb7 16. Ncb4 $146 ({RR} 16. g3 Ne7 17. Ncb4 a5 18. Nxe7 axb4 19. Nd5 bxc3 20. Nxc3 b4 21. Nd5 Qa5 22. Bh3 Bxd5 23. exd5 Rb5 24. Bg2 f5 25. Qb3 Rc8 26. Rfd1 g6 {0-1 (26) Zverev,L (1849)-Fedoseev,V (2681) Riga 2019}) 16... Nxb4 17. cxb4 g6 18. a4 bxa4 19. Rxa4 Bc6 20. Be2 Bxa4 21. Qxa4 f5 22. exf5 Rxf5 23. Bd3 Rf8 24. Qxa6 Bd2 25. Qc4 Qc8 26. Qe4 Bxb4 27. Nxb4 Rf4 28. Qc6 Rfxb4 29. Qxd6 Qf8 30. Qxe5+ 1/2-1/2

[Event "Gashimov Memorial 6th"]
[Site "Shamkir"]
[Date "2019.03.31"]
[Round "1"]
[White "Radjabov, Teimour"]
[Black "Carlsen, Magnus"]
[Result "1/2-1/2"]
[WhiteElo "2756"]
[BlackElo "2845"]
[PlyCount "81"]
[EventDate "2019.03.31"]
[EventType "tourn"]
[EventRounds "9"]
[EventCountry "AZE"]
[EventCategory "22"]
[SourceTitle "CBM 190"]
[Source "ChessBase"]
[SourceDate "2019.06.30"]
[SourceVersion "1"]
[SourceVersionDate "2019.06.30"]
[SourceQuality "1"]

1. e4 e5 2. Nf3 Nc6 3. Bc4 Nf6 4. d3 Be7 5. O-O O-O 6. h3 d6 7. a4 a5 8. Nbd2 ({RR} 8. Re1 Be6 9. Nbd2 Nd7 10. c3 Nc5 11. d4 Bxc4 12. Nxc4 exd4 13. cxd4 Nd7 14. Bd2 Re8 15. d5 Nce5 16. Nfxe5 Nxe5 17. Nxa5 c5 18. dxc6 bxc6 19. b4 c5 20. Nb3 Nd3 21. Re3 Nb2 22. Qc2 Nxa4 {So,W (2754)-Nepomniachtchi,I (2773) Abidjan 2019 ½-½ (33)}) 8... Nd7 $146 ({RR} 8... Be6 9. Re1 h6 10. b3 Nd7 11. Bb2 Nb6 12. Bb5 Bf6 13. Bxc6 bxc6 14. d4 exd4 15. Bxd4 Bxd4 16. Nxd4 c5 17. Nxe6 fxe6 18. e5 d5 19. Qg4 Qe7 20. c4 c6 21. Rac1 Nd7 22. Rc3 Rf5 23. f4 {Nikitenko,M (2516)-Korchmar,V (2414) Sochi RUS 2025 ½-½}) 9. Re1 Nb6 10. Bb3 Kh8 11. c3 f5 12. exf5 Bxf5 13. Nf1 Bg6 14. Ng3 Bf6 15. Ne4 d5 16. Nxf6 Qxf6 17. Bg5 Qf5 18. Qd2 Rae8 19. Be3 Bh5 20. Bd1 Qd7 21. Bxb6 cxb6 22. Qg5 Qf7 23. Qh4 Bg6 24. Bb3 Qd7 25. Qg3 d4 26. Nxe5 Nxe5 27. Rxe5 dxc3 28. Rxe8 Rxe8 29. bxc3 Qxd3 30. Qxd3 Bxd3 31. Rd1 Be4 32. Rd6 Bc6 33. Bd5 Bxd5 34. Rxd5 Re1+ 35. Kh2 h6 36. Rd7 Rc1 37. Rxb7 Rxc3 38. Rxb6 Rc4 39. Ra6 Rxa4 40. f4 Rxf4 41. Rxa5 1/2-1/2

[Event "Gashimov Memorial 6th"]
[Site "Shamkir"]
[Date "2019.04.02"]
[Round "3"]
[White "Navara, David"]
[Black "Carlsen, Magnus"]
[Result "0-1"]
[WhiteElo "2739"]
[BlackElo "2845"]
[PlyCount "116"]
[EventDate "2019.03.31"]
[EventType "tourn"]
[EventRounds "9"]
[EventCountry "AZE"]
[EventCategory "22"]
[SourceTitle "CBM 190"]
[Source "ChessBase"]
[SourceDate "2019.06.30"]
[SourceVersion "1"]
[SourceVersionDate "2019.06.30"]
[SourceQuality "1"]

1. e4 c5 2. Nf3 Nc6 3. d4 cxd4 4. Nxd4 Nf6 5. Nc3 e5 6. Ndb5 d6 7. Nd5 Nxd5 8. exd5 Nb8 9. a4 Be7 10. Be2 O-O 11. O-O Nd7 12. Kh1 a6 13. Na3 a5 14. f4 f5 15. Nc4 b6 16. Ra3 ({RR} 16. Be3 Ba6 17. Na3 Bb7 18. Nb5 Ba6 19. Na3 Bb7 20. Nb5 Ba6 21. Na3 {½-½ (21) Uysal,B (2202)-Citak,S (2361) Ankara TUR 2025}) 16... exf4 17. Bxf4 Nc5 18. Re3 $146 ({RR} 18. h3 Ba6 19. Bh2 g6 20. Ne3 Bg5 21. Bxa6 Bxe3 22. Bb5 f4 23. c3 Ra7 24. Ra1 Raf7 25. Qg4 Qf6 26. Rae1 h5 27. Qd1 Qh4 28. Qc2 Kg7 29. b4 Nd7 30. Bxd7 Rxd7 31. Qd3 Rdf7 32. Bg1 Bxg1 {Steinberg,N (2554)-Sebenik,M (2498) Chess.com INT 2020 0-1 (51)}) ({RR} 18. h3 Ba6 19. Bh2 g6 20. Ne3 Bg5 21. Bxa6 Bxe3 22. Bb5 f4 23. c3 Ra7 24. Ra1 Raf7 25. Qg4 Qf6 26. Rae1 h5 27. Qd1 Qh4 28. Qc2 Kg7 29. b4 Nd7 30. Bxd7 Rxd7 31. Qd3 Rdf7 32. Bg1 Bxg1 {Steinberg,N (2554)-Sebenik,M (2498) Chess.com INT 2020 0-1 (51)}) 18... g5 19. Rxe7 gxf4 20. Re6 Nxe6 21. dxe6 Bxe6 22. Rxf4 Bxc4 23. Bxc4+ Kh8 24. g4 Qf6 25. c3 Qe5 26. Qf1 Rae8 27. gxf5 Rf6 28. Qf2 Qc5 29. Kg2 Qc6+ 30. Kh3 Qc5 31. Kg2 Qxf2+ 32. Rxf2 Re4 33. Be6 Rxa4 34. Kf3 Kg7 35. Rd2 Kh6 36. Rxd6 Kg5 37. Rd8 Rh6 38. Rg8+ Kf6 39. Rb8 Rxh2 40. Rxb6 Kg5 41. f6 Rf4+ 42. Kg3 Rhf2 43. Rb5+ Kxf6 44. Bg4 a4 45. c4 Kg6 46. c5 a3 47. bxa3 h5 48. Rb4 Rf8 49. Bd1 Rd2 50. Bf3 Rd3 51. Rf4 h4+ 52. Kg4 Rxf4+ 53. Kxf4 Rxa3 54. c6 Rc3 55. Bd5 h3 56. Ke5 Rc5 57. Kd6 Rxd5+ 58. Kxd5 h2 0-1